England's African Opponents in International Football - Statistics

General Stats
  • This quiz has been taken 347 times
  • The average score is 9 of 10
Answer Stats
Opponents % Correct
Egypt
96%
Nigeria
96%
South Africa
95%
Cameroon
94%
Morocco
90%
Senegal
90%
Algeria
87%
Tunisia
87%
Ivory Coast
84%
Ghana
81%
No matching quizzes found
Score Distribution
Percent of People with Each Score
Percentile by Number Answered
Your Score History
You have not taken this quiz